<?xml version="1.0" encoding="UTF-8"?><?xml-stylesheet type="text/xsl" href="static/style.xsl"?><OAI-PMH xmlns="http://www.openarchives.org/OAI/2.0/" xmlns:xsi="http://www.w3.org/2001/XMLSchema-instance" xsi:schemaLocation="http://www.openarchives.org/OAI/2.0/ http://www.openarchives.org/OAI/2.0/OAI-PMH.xsd"><responseDate>2026-04-17T20:45:22Z</responseDate><request verb="GetRecord" identifier="oai:riubu.ubu.es:10259/6820" metadataPrefix="marc">https://riubu.ubu.es/oai/request</request><GetRecord><record><header><identifier>oai:riubu.ubu.es:10259/6820</identifier><datestamp>2022-08-31T00:05:25Z</datestamp><setSpec>com_10259_4354</setSpec><setSpec>com_10259_5086</setSpec><setSpec>com_10259_2604</setSpec><setSpec>col_10259_4355</setSpec></header><metadata><record xmlns="http://www.loc.gov/MARC21/slim" xmlns:doc="http://www.lyncode.com/xoai" xmlns:xsi="http://www.w3.org/2001/XMLSchema-instance" xmlns:dcterms="http://purl.org/dc/terms/" xsi:schemaLocation="http://www.loc.gov/MARC21/slim http://www.loc.gov/standards/marcxml/schema/MARC21slim.xsd">
<leader>00925njm 22002777a 4500</leader>
<datafield tag="042" ind1=" " ind2=" ">
<subfield code="a">dc</subfield>
</datafield>
<datafield tag="720" ind1=" " ind2=" ">
<subfield code="a">García Calvo, José</subfield>
<subfield code="e">author</subfield>
</datafield>
<datafield tag="720" ind1=" " ind2=" ">
<subfield code="a">Robson, Jonathan A.</subfield>
<subfield code="e">author</subfield>
</datafield>
<datafield tag="720" ind1=" " ind2=" ">
<subfield code="a">Torroba Pérez, Tomás</subfield>
<subfield code="e">author</subfield>
</datafield>
<datafield tag="720" ind1=" " ind2=" ">
<subfield code="a">Wilton‐Ely, James D. E. T.</subfield>
<subfield code="e">author</subfield>
</datafield>
<datafield tag="260" ind1=" " ind2=" ">
<subfield code="c">2019-08</subfield>
</datafield>
<datafield tag="520" ind1=" " ind2=" ">
<subfield code="a">A series of new ruthenium(II) vinyl complexes has been prepared incorporating perylenemonoimide (PMI) units. This fluorogenic moiety was functionalised with terminal alkyne or pyridyl groups, allowing attachment to the metal either as a vinyl ligand or through the pyridyl nitrogen. The inherent low solubility of the perylene compounds was improved through the design of poly-PEGylated (PEG=polyethylene glycol) units bearing a terminal alkyne or a pyridyl group. By absorbing the compounds on silica, vapours and gases could be detected in the solid state. The reaction of the complexes [Ru(CH=CH-PerIm)Cl(CO)(py-3PEG)(PPh3)2] and [Ru(CH=CH-3PEG)Cl(CO)(py-PerIm)(PPh3)2] with carbon monoxide, isonitrile or cyanide was found to result in modulation of the fluorescence behaviour. The complexes were observed to display solvatochromic effects and the interaction of the complexes with a wide range of other species was also studied. The study suggests that such complexes have potential for the detection of gases or vapours that are toxic to humans.</subfield>
</datafield>
<datafield tag="024" ind2=" " ind1="8">
<subfield code="a">0947-6539</subfield>
</datafield>
<datafield tag="024" ind2=" " ind1="8">
<subfield code="a">http://hdl.handle.net/10259/6820</subfield>
</datafield>
<datafield tag="024" ind2=" " ind1="8">
<subfield code="a">10.1002/chem.201903303</subfield>
</datafield>
<datafield tag="024" ind2=" " ind1="8">
<subfield code="a">1521-3765</subfield>
</datafield>
<datafield ind1=" " ind2=" " tag="653">
<subfield code="a">Coordination chemistry</subfield>
</datafield>
<datafield ind1=" " ind2=" " tag="653">
<subfield code="a">Perylene</subfield>
</datafield>
<datafield ind1=" " ind2=" " tag="653">
<subfield code="a">Ruthenium</subfield>
</datafield>
<datafield ind1=" " ind2=" " tag="653">
<subfield code="a">Sensors</subfield>
</datafield>
<datafield ind1=" " ind2=" " tag="653">
<subfield code="a">Vinyl</subfield>
</datafield>
<datafield tag="245" ind1="0" ind2="0">
<subfield code="a">Synthesis and Application of Ruthenium(II) Alkenyl Complexes with Perylene Fluorophores for the Detection of Toxic Vapours and Gases</subfield>
</datafield>
</record></metadata></record></GetRecord></OAI-PMH>